| 000 | 00310nam a2200109Ia 4500 | ||
|---|---|---|---|
| 999 |
_c4317 _d4317 |
||
| 003 | yeezen | ||
| 005 | 20201029121341.0 | ||
| 008 | 180213s9999||||xx |||||||||||||| ||und|| | ||
| 020 |
_cNT490 _a978-986-94052-6-3 |
||
| 100 | _a林潔珏 | ||
| 245 | 0 |
_c林潔珏 _a超擬真!新多益TOEIC模擬試題600問+完全解析 |
|
| 250 | _a初版 | ||
| 260 |
_c2017 _a台北市 |
||
| 942 |
_2ccl _cBOOK |
||